000 00575nam a2200217 a 4500
999 _c5789
_d5789
001 5789
003 BD-JhCC
005 20171221164630.0
008 171221s1963 ru |||| ||a| 000 0 eng d
035 _a(BD-JhCC) 5789
040 _aBD-JhCC
_dBD-JhCC
041 _aeng
082 _a669.73
_bKHO1963
100 _aKHODIROVSY, M.RISS
245 _aPRODUCTION OF FERROALLOYS /
_c M.RISS KHODIROVSY
260 _aRUSSIAN :
_bMIR PUBLISHERS MOSCOW ,
_c1963
300 _a288 p .:
_c22 cm .
650 _aIron alloys, metallurgical plants
942 _2ddc
_cBK